/اللاهوت العربي، وأصول العنف الديني (Record no. 13368)
[ view plain ]
| 000 -LEADER | |
|---|---|
| fixed length control field | 00741nam a22001817a 4500 |
| 008 - FIXED-LENGTH DATA ELEMENTS--GENERAL INFORMATION | |
| fixed length control field | 100211t xxu||||| |||| 00| 0 eng d |
| 020 ## - INTERNATIONAL STANDARD BOOK NUMBER | |
| International Standard Book Number | 9770920479 |
| 082 ## - DEWEY DECIMAL CLASSIFICATION NUMBER | |
| Edition number | 22 |
| Classification number | 201 |
| Item number | ز ي د |
| 100 ## - MAIN ENTRY--PERSONAL NAME | |
| 9 (RLIN) | 11247 |
| Personal name | زيدان، يوسف |
| 245 ## - TITLE STATEMENT | |
| Title | /اللاهوت العربي، وأصول العنف الديني |
| Statement of responsibility, etc | يوسف زيدان |
| 250 ## - EDITION STATEMENT | |
| Edition statement | ط2 |
| 260 ## - PUBLICATION, DISTRIBUTION, ETC. (IMPRINT) | |
| Place of publication, distribution, etc | القاهرة: |
| Name of publisher, distributor, etc | دار الشروق ، |
| Date of publication, distribution, etc | 2010 |
| 300 ## - PHYSICAL DESCRIPTION | |
| Extent | 231 ص: |
| Dimensions | 22 سم |
| 650 ## - SUBJECT ADDED ENTRY--TOPICAL TERM | |
| 9 (RLIN) | 11305 |
| Topical term or geographic name as entry element | اللاهوت، علم |
| 650 ## - SUBJECT ADDED ENTRY--TOPICAL TERM | |
| 9 (RLIN) | 11306 |
| Topical term or geographic name as entry element | الإسلام والمسيحية |
| 942 ## - ADDED ENTRY ELEMENTS (KOHA) | |
| Source of classification or shelving scheme | Dewey Decimal Classification |
| Item type | Book - Borrowing |
| Withdrawn status | Item status | Source of classification or shelving scheme | Damaged status | Not for loan | Vendor | Home library | Current library | Shelving location | Date acquired | Source of acquisition | Cost, normal purchase price | Serial Enumeration / chronology | Total Checkouts | Full call number | Barcode | Date last seen | Date last borrowed | Koha item type |
|---|---|---|---|---|---|---|---|---|---|---|---|---|---|---|---|---|---|---|
| Dewey Decimal Classification | Central Library | Central Library | Lower Floor | 11/02/2010 | 35.00 | 1 | 4 | 201 زيد | 000019699 | 15/07/2025 | 05/12/2017 | Book - Borrowing |